Lágrimas (Record no. 50389)

MARC details
000 -LEADER
campo de control de longitud fija 00471nam a2200169 i 4500
001 - NÚMERO DE CONTROL
campo de control 50389
003 - IDENTIFICADOR DE NÚMERO DE CONTROL
campo de control ES-MaACL
005 - FECHA Y HORA DE LA ÚLTIMA TRANSACCIÓN
campo de control 20230906162154.0
007 - CAMPO FIJO DE DESCRIPCIÓN FÍSICA--INFORMACIÓN GENERAL
campo de control de longitud fija t|
008 - DATOS DE LONGITUD FIJA--INFORMACIÓN GENERAL
campo de control de longitud fija 030804q1946 sp ||||1| spa d
100 1# - ENTRADA PRINCIPAL--NOMBRE DE PERSONA
Nombre de persona Cuadra Echaide, Pilar de.
9 (RLIN) 157527
245 10 - MENCIÓN DEL TÍTULO
Título Lágrimas
Resto del título : rimas de amor /
Mención de responsabilidad, etc. Pilar de Cuadra.
250 ## - MENCION DE EDICION
Mención de edición 2ª ed.
260 ## - PUBLICACIÓN, DISTRIBUCIÓN, ETC.
Lugar de publicación, distribución, etc. [S.l. :
Nombre del editor, distribuidor, etc. s.n.,
Fecha de publicación, distribución, etc. 1946?] (
Fabricante Edit. J. Schnnoll)
300 ## - DESCRIPCIÓN FÍSICA
Extensión 65 p. ;
Dimensiones 12 cm.
852 ## - LOCALIZACIÓN
Ubicación ES-MaACL
Número de control de estantería 1868-F-6
Sublocalización o colección R.23751
Holdings
Estatus retirado Estado de pérdida Estado de daño No para préstamo Colección Biblioteca de origen Biblioteca actual Ubicación en estantería Fecha de adquisición Fuente de adquisición Total de préstamos Signatura topográfica completa Código de barras Visto por última vez Precio de reemplazo Tipo de ítem Koha
        Colección de folletos Biblioteca del Ateneo de Madrid Biblioteca del Ateneo de Madrid Depósito folletos 17/01/2008     1868-F-6 1053001 23/02/2023 23/02/2023 Folleto